000
00191nam a22000857a 4500
008
161216b xxu||||| |||| 00| 0 eng d
100
_9
2087
_a
Davis.T.
245
_a
Red Letters
260
_a
USA
_c
2007
999
_c
4966
_d
4966